Statistics for Most Guessed General Knowledge Questions #2

Click here to take the quiz!

General Stats

  • This quiz has been taken 32 times
  • The average score is 19 of 20

Answer Stats

QuestionAnswer% Correct
How many cards are in a standard deck (not including jokers)?52
100%
If I have an eye-patch, a peg-leg, and a parrot on my shoulder, what am I?a Pirate
100%
What is the last name of brothers Fidel and Raúl?Castro
100%
What is the fastest land animal?Cheetah
100%
What will a pescetarian eat that a vegetarian will not?Fish
100%
In which U.S. state would you find Disney World?Florida
100%
What common food product do vampires dislike?Garlic
100%
What human organ is composed of atriums and ventricles?Heart
100%
What country is known as the "Land of the Rising Sun"?Japan
100%
Who was almost totally deaf when he wrote his ninth and final symphony?Ludwig Van Beethoven
100%
Better late than when?Never
100%
What city is famous for its leaning tower?Pisa
100%
What type of animal has Bengal and Siberian subspecies?Tiger
100%
Which sign of the Zodiac is also a disease?Cancer
96%
What did the Grinch try to steal?Christmas
93%
What well-known animal eats mostly Eucalyptus leaves?Koala
93%
What does Sally sell by the sea shore?Sea Shells
93%
What element of the periodic table was discovered shortly after
the discovery of Uranus in 1789?
Uranium
93%
In popular culture, what does BFF stand for?Best Friends Forever
89%
Who wrote "The Lord of the Rings"?J.R.R. Tolkien
89%

Score Distribution

Percentile by Number Answered

Percent of People with Each Score

Your Score History

You have not taken this quiz